Разработка и предварительные испытания макета оптико-цифрового комплекса оперативной обработки геофизической информации: Промежуточный отчет о НИР; Тема: х/д 8-57/94

Bibliografische gegevens
Coauteur: Томский политехнический университет (ТПУ) (595)
Andere auteurs: Иванченков В. П. (руководитель), Вылегжанин О. Н. (исполнитель)
Taal:Russisch
Gepubliceerd in: Томск, 1994
Onderwerpen:
Formaat: Boek
KOHA link:https://koha.lib.tpu.ru/cgi-bin/koha/opac-detail.pl?biblionumber=148919

MARC

LEADER 00000nbm0a2200000 4500
001 148919
005 20231031145639.0
029 0 0 |a SU  |b 01940009767  |f ТПУ 
035 |a (RuTPU)RU\TPU\book\161451 
090 |a 148919 
100 |a 20081210d1994 k y0rusy50 ca 
101 0 |a rus 
102 |a RU 
105 |a a p 001zy 
200 1 |a Разработка и предварительные испытания макета оптико-цифрового комплекса оперативной обработки геофизической информации  |e Промежуточный отчет о НИР  |e Тема: х/д 8-57/94  |f Томский политехнический университет (ТПУ) ; руководитель В. П. Иванченков ; О. Н. Вылегжанин 
210 |a Томск  |d 1994 
215 |a 94 л. 
320 |a Библиогр.: с. 92-94. 
610 1 |a отчеты о НИР 
610 1 |a обработка информации 
610 1 |a оптико-электронные системы 
610 1 |a сейсмические волновые поля 
610 1 |a обратные сейсмические задачи 
610 1 |a решение 
610 1 |a оптико-электронные устройства 
675 |a 550.834.05(04)  |v 3 
702 1 |a Иванченков  |b В. П.  |4 673 
702 1 |a Вылегжанин  |b О. Н.  |4 677 
712 0 2 |a Томский политехнический университет (ТПУ)  |c (1991- )  |2 stltpush  |3 (RuTPU)RU\TPU\col\376  |4 595 
801 1 |a RU  |b 63413507  |c 20081210  |g PSBO 
801 2 |a RU  |b 63413507  |c 20090112  |g PSBO 
942 |c BK